Biología molecular de la célula.

Guardat en:
Dades bibliogràfiques
Autor principal: Alberts, Bruce (autor)
Altres autors: Johnson, Alexander (autor), Lewis, Julian (autor), Morgan, David (autor), Raff, Martin (autor), Roberts, Keith (autor), Walter, Peter, Wilson, John (problemas), Hunt, Tim (problemas)
Format: Llibre
Idioma:espanyol
Publicat: Barcelona, España: Ediciones Omega S.A., 2016.
Edició:Sexta edición.
Matèries:
Etiquetes: Afegir etiqueta
Sense etiquetes, Sigues el primer a etiquetar aquest registre!

MARC

LEADER 00000cam a2200000 a 4500
001 UCC5531
003 CL-VaPUC
005 20231221161610.0
008 181012e20160000sp |||||||||||||||||spa|d
999 |c 372723  |d 372721 
020 |a 9788428216388 
020 |a 842821638X 
040 |c Pontificia Universidad Católica de Valparaíso 
082 0 4 |a 571.6 ALB 2016  |2 21 
100 |a Alberts, Bruce  |e autor  |9 60 
245 1 0 |a Biología molecular de la célula. 
250 |a Sexta edición. 
260 |a Barcelona, España:  |b Ediciones Omega S.A.,  |c 2016. 
300 |a 1350 páginas +   |b CD -Libro de problemas  
583 |a last modification  |c 20181012 13:26:00  |k Rodrigo Vera 
650 0 |a Biología molecular  |9 269677 
650 0 |a Citología  |9 261432 
650 0 |a Genética molecular  |2 CL-VaPUC  |9 269770 
650 0 |a Células   |9 269548 
700 0 |a Johnson, Alexander  |9 599839  |e autor 
700 |a Lewis, Julian  |e autor  |9 599840 
700 |a Morgan, David  |e autor  |9 599841 
700 0 |a Raff, Martin  |9 599842  |e autor 
700 0 |a Roberts, Keith  |9 599843  |e autor 
700 0 |a Walter, Peter  |9 599844 
700 0 |a Wilson, John  |9 599845  |e problemas 
700 0 |a Hunt, Tim  |9 599846  |e problemas 
852 |a BIBCUR 
942 |c BK  |2 ddc 
945 |d 20181012 13:26:00  |a dcastane 
952 |0 0  |1 0  |2 ddc  |3 erd  |4 0  |6 571_600000000000000_ALB_2016  |7 0  |8 A  |9 490479  |a BIBCUR  |b BIBCUR  |i 5506859  |l 5  |m 1  |o 571.6 ALB 2016  |p 5506859  |r 2025-04-22  |s 2023-10-20  |t 1  |w 2019-11-24  |y BK  |z Catalogado en:20181012  |k BIO 
952 |0 0  |1 0  |2 ddc  |3 erd  |4 0  |6 571_600000000000000_ALB_2016  |7 0  |8 A  |9 490480  |a BIBCUR  |b BIBCUR  |i 5506840  |l 6  |m 4  |o 571.6 ALB 2016  |p 5506840  |r 2025-04-22  |s 2025-03-14  |t 2  |w 2019-11-24  |y BK  |z Catalogado en:20181012  |k BIO 
952 |0 0  |1 0  |2 ddc  |3 erd  |4 0  |6 571_600000000000000_ALB_2016  |7 0  |8 A  |9 490481  |a BIBCUR  |b BIBCUR  |d 2019-07-05  |e 17  |g 187689.00  |i 5551994  |l 15  |m 3  |o 571.6 ALB 2016  |p 5551994  |r 2025-04-22  |s 2024-06-06  |t 3  |v 187689.00  |w 2019-11-24  |y BK  |z Catalogado en:20190617  |k BIO 
952 |0 0  |1 0  |2 ddc  |3 erd  |4 0  |6 571_600000000000000_ALB_2016  |7 0  |8 A  |9 490482  |a BIBCUR  |b BIBCUR  |d 2019-07-05  |e 17  |g 187689.00  |i 555201K  |l 16  |m 7  |o 571.6 ALB 2016  |p 555201K  |r 2025-04-22  |s 2024-04-18  |t 4  |v 187689.00  |w 2019-11-24  |y BK  |z Catalogado en:20190617  |k BIO 
952 |0 0  |1 0  |2 ddc  |3 erd  |4 0  |6 571_600000000000000_ALB_2016  |7 0  |8 A  |9 490483  |a BIBCUR  |b BIBCUR  |d 2019-07-05  |e 17  |g 187689.00  |i 5552001  |l 20  |m 7  |o 571.6 ALB 2016  |p 5552001  |r 2025-04-22  |s 2024-08-28  |t 5  |v 187689.00  |w 2019-11-24  |y BK  |z Catalogado en:20190617  |k BIO 
952 |0 0  |1 0  |2 ddc  |3 erd  |4 0  |6 571_600000000000000_ALB_2016  |7 0  |8 A  |9 490484  |a BIBCUR  |b BIBCUR  |d 2019-07-05  |e 17  |g 187689.00  |i 5552036  |l 16  |m 6  |o 571.6 ALB 2016  |p 5552036  |r 2025-04-22  |s 2024-11-11  |t 6  |v 187689.00  |w 2019-11-24  |y BK  |z Catalogado en:20190617  |k BIO 
952 |0 0  |1 0  |2 ddc  |3 erd  |4 0  |6 571_600000000000000_ALB_2016  |7 0  |8 A  |9 490485  |a BIBCUR  |b BIBCUR  |d 2019-07-05  |e 17  |g 187689.00  |i 5552028  |l 20  |m 9  |o 571.6 ALB 2016  |p 5552028  |r 2025-04-22  |s 2025-04-04  |t 7  |v 187689.00  |w 2019-11-24  |y BK  |z Catalogado en:20190617  |k BIO 
952 |0 0  |1 0  |2 ddc  |3 erd  |4 0  |6 571_600000000000000_ALB_2016  |7 0  |8 A  |9 490486  |a BIBCUR  |b BIBCUR  |d 2019-07-05  |e 17  |g 187689.00  |i 5551986  |l 11  |m 2  |o 571.6 ALB 2016  |p 5551986  |r 2025-04-22  |s 2023-06-14  |t 8  |v 187689.00  |w 2019-11-24  |y BK  |z Catalogado en:20190617  |k BIO 
952 |0 0  |1 0  |2 ddc  |3 erd  |4 0  |6 571_600000000000000_ALB_2016  |7 0  |8 A  |9 490487  |a BIBCUR  |b BIBCUR  |d 2019-07-05  |e 17  |g 187689.00  |i 5551978  |l 8  |m 2  |o 571.6 ALB 2016  |p 5551978  |r 2025-04-22  |s 2024-09-10  |t 9  |v 187689.00  |w 2019-11-24  |y BK  |z Catalogado en:20190617  |k BIO 
952 |0 0  |1 0  |2 ddc  |3 erd  |4 0  |6 571_600000000000000_ALB_2016  |7 0  |8 A  |9 490488  |a BIBCUR  |b BIBCUR  |d 2019-07-05  |e 17  |g 187689.00  |i 5555779  |l 13  |o 571.6 ALB 2016  |p 5555779  |r 2025-04-22  |s 2024-09-05  |t 10  |v 187689.00  |w 2019-11-24  |y BK  |z Catalogado en:20190719  |k BIO 
952 |0 0  |1 0  |2 ddc  |4 0  |6 571_600000000000000_ALB_2016  |7 0  |8 A  |9 577803  |a BIBCUR  |b BIBCUR  |d 2021-05-19  |e 3  |g 178528.00  |i 558289K  |l 17  |m 5  |o 571.6 ALB 2016  |p 558289K  |r 2024-12-09  |s 2024-11-20  |t 11  |v 178528.00  |w 2021-05-19  |y BK  |k BIO 
952 |0 0  |1 0  |2 ddc  |4 0  |6 571_600000000000000_ALB_2016  |7 0  |8 A  |9 577804  |a BIBCUR  |b BIBCUR  |d 2021-05-19  |e 3  |g 178528.00  |i 558292K  |l 11  |m 5  |o 571.6 ALB 2016  |p 558292K  |r 2025-04-22  |s 2025-04-14  |t 14  |v 178528.00  |w 2021-05-19  |y BK  |k BIO 
952 |0 0  |1 0  |2 ddc  |4 0  |6 571_600000000000000_ALB_2016  |7 0  |8 A  |9 577805  |a BIBCUR  |b BIBCUR  |d 2021-05-19  |e 3  |g 178528.00  |i 5582938  |l 17  |m 10  |o 571.6 ALB 2016  |p 5582938  |q 2025-05-12  |r 2025-04-22  |s 2025-04-22  |t 15  |v 178528.00  |w 2021-05-19  |y BK  |k BIO 
952 |0 0  |1 0  |2 ddc  |4 0  |6 571_600000000000000_ALB_2016  |7 0  |8 A  |9 577806  |a BIBCUR  |b BIBCUR  |d 2021-05-19  |e 3  |g 178528.00  |i 5582911  |l 24  |m 11  |o 571.6 ALB 2016  |p 5582911  |r 2025-04-22  |s 2025-03-25  |t 13  |v 178528.00  |w 2021-05-19  |y BK  |k BIO 
952 |0 0  |1 0  |2 ddc  |4 0  |6 571_600000000000000_ALB_2016  |7 0  |8 A  |9 577807  |a BIBCUR  |b BIBCUR  |d 2021-05-19  |e 3  |g 178528.00  |i 5582903  |l 15  |m 10  |o 571.6 ALB 2016  |p 5582903  |q 2025-05-12  |r 2025-04-22  |s 2025-04-11  |t 12  |v 178528.00  |w 2021-05-19  |y BK  |k BIO 
952 |0 0  |1 0  |2 ddc  |4 0  |6 571_600000000000000_ALB_2016  |7 0  |8 A  |9 588503  |a BIBCUR  |b BIBCUR  |c GEN  |d 2023-01-03  |e 3  |g 157884.00  |i 5656284  |l 11  |m 3  |o 571.6 ALB 2016  |p 5656284  |r 2024-04-03  |s 2024-04-03  |t 17  |v 157884.00  |w 2023-01-03  |y BK  |k BIO 
952 |0 0  |1 0  |2 ddc  |4 0  |6 571_600000000000000_ALB_2016  |7 0  |8 A  |9 588504  |a BIBCUR  |b BIBCUR  |c GEN  |d 2023-01-03  |e 3  |g 157884.00  |i 5656283  |l 11  |m 2  |o 571.6 ALB 2016  |p 5656283  |r 2024-01-29  |s 2023-11-24  |t 16  |v 157884.00  |w 2023-01-03  |y BK  |k BIO 
952 |0 0  |1 0  |2 ddc  |4 0  |6 571_600000000000000_ALB_2016  |7 0  |8 A  |9 592998  |a BIBCUR  |b BIBCUR  |c GEN  |d 2023-12-21  |e 13  |g 215961.00  |i 5659915  |l 16  |o 571.6 ALB 2016  |p 5659915  |r 2025-04-22  |s 2025-04-14  |t 18  |v 215961.00  |w 2023-12-21  |y BK  |k BIO 
952 |0 0  |1 0  |2 ddc  |4 0  |6 571_600000000000000_ALB_2016  |7 0  |8 A  |9 592999  |a BIBCUR  |b BIBCUR  |c GEN  |d 2023-12-21  |e 13  |g 215961.00  |i 5659916  |l 11  |m 3  |o 571.6 ALB 2016  |p 5659916  |r 2025-04-22  |s 2025-04-08  |t 19  |v 215961.00  |w 2023-12-21  |y BK  |k BIO